| 000 | 00545nam a2200121Ia 4500 | ||
|---|---|---|---|
| 008 | 220615s9999||||xx |||||||||||||| ||und|| | ||
| 100 | _aAziz Belmiloudi | ||
| 245 | 0 | _aHeat Transfer - Theoretical Analysis, Experimental Investigations and Industrial Systems | |
| 546 | _aEnglish[eng] | ||
| 650 | _aEngineering||Physical Sciences||Engineering and Technology||Physical Chemistry||Chemical Engineering | ||
| 856 | _uhttps://www.intechopen.com/books/heat-transfer-theoretical-analysis-experimental-investigations-and-industrial-systems | ||
| 942 | _cEB | ||
| 999 |
_c15855 _d15855 |
||